[The return of depression economics and the crisis of 2008]

Recenzia na publikáciu, ktorá analyzuje finančné a hospodárske krízy v dvadsiatom storočí a venuje pozornosť skúmaniu otázky, prečo sme neboli na návrat dnešnej rozsiahlej globálnej krízy pripravení.

Saved in:
Bibliographic Details
Main Author: Lábaj, Martin, 1982-
Format: Book Chapter
Language:Slovak
Subjects:
Tags: Add Tag
No Tags, Be the first to tag this record!

MARC

LEADER 00000naa$a2200000$$$4500
001 0096333
005 20240502072053.5
041 0 |a slo 
044 |a SK 
245 1 0 |a [The return of depression economics and the crisis of 2008]  |c Martin Lábaj 
520 |a Recenzia na publikáciu, ktorá analyzuje finančné a hospodárske krízy v dvadsiatom storočí a venuje pozornosť skúmaniu otázky, prečo sme neboli na návrat dnešnej rozsiahlej globálnej krízy pripravení. 
610 2 0 |a recenzie 
610 2 0 |a kríza finančná 
610 2 0 |a depresia 
610 2 0 |a obchod medzinárodný 
610 2 0 |a politika hospodárska medzinárodná 
610 2 0 |a hospodárstvo svetové 
100 1 |a Lábaj, Martin, 1982-